000
00269nam a22001217a 4500
999
_c
12650
_d
12650
020
_a
9789387994232
082
_a
005.8
100
_a
Michael E. Whitman
245
_a
Principles of Information Security
250
_a
6th
260
_a
India
_b
Cengage
_c
2018
942
_c
BK